000 03098cam a2200457 i 4500
999 _c63952
_d63952
001 15343708
003 CO-MdFUSB
005 20190202100353.0
008 080625t2009 kyu f b 001 0 eng
010 _a 2008028006
020 _a9780664233105 (alk. paper)
020 _a0664233104 (alk. paper)
020 _a9780664234416 (pbk. : alk. paper)
020 _a0664234410 (pbk. : alk. paper)
040 _aDLC
_cCO-MdFUSB
_dCO-MdFUSB
_bspa
_erda
041 _aeng
082 _224
_aG 261.55
_bM478f
100 1 _aMcGrath, Alister E.,
_d1953-
_eautor
245 1 2 _aA fine-tuned universe
_b: the quest for God in science and theology : the 2009 Gifford lectures
_c/ Alister E. McGrath.
250 _a1st ed.
264 1 _aLouisville, Ky. :
_bWestminster John Knox Press,
_c℗[2009]
264 4 _c©2009
300 _axv, 262 páginas ;
_c24 cm.
_b:
336 _2rdacontent
_a1
_ba1
337 _2rdamedia
_a2
_b5
338 _2rdacarrier
_a2
_b5
501 _aIncuye índice (p. 259- 262)
504 _aBibliografía (p. 223-258)
505 0 _aYearning to make sense of things -- The crisis of confidence in modern natural theology -- Renewing the vision for natural theology -- Challenges to a renewed natural theology -- Natural theology and the explanation of reality -- The dynamics of a trinitarian natural theology -- Surprising facts: conterfactuals and natural theology -- Augustine of Hippo on creation: a theological lens -- In the beginning: the constants of universe -- Can these bones live? The origins of life -- The matrix of life: the curious chemistry of water -- Chemical catalysts and the constraints of evolution -- The origins of complexity: the mechanism of evolution -- The outcomes of evolution: the directionality of evolution -- An emergent creation and natural theology.
505 0 _aAnhelo de dar sentido a las cosas -- La crisis de confianza en la teología natural moderna -- Renovar la visión de la teología natural -- Desafíos a una teología natural renovada -- Teología natural y la explicación de la realidad -- La dinámica de una teología natural trinitaria -- Hechos sorprendentes: conterfactuals y teología natural -- Agustín de Hipona sobre la creación: una lente teológica -- En el principio: las constantes del universo -- ¿Pueden estos huesos vivir? Los orígenes de la vida -- La matriz de la vida: la química curiosa del agua -- Los catalizadores químicos y las limitaciones de la evolución -- Los orígenes de la complejidad: el mecanismo de la evolución -- Los resultados de la evolución: la direccionalidad de la evolución -- Creación emergente y teología natural.
650 7 _aCreación
_9251
650 7 _aReligión y ciencia
_9259
650 7 _aDios
_2
_9178
653 _aTeología natural
906 _a7
_bcbc
_corignew
_d1
_eecip
_f20
_gy-gencatlg
942 _cBK